000 00637nam a2200253Ia 4500
005 20260121153700.0
008 008 260114s9999 xx 000 0 eng d
020 _a9781315071619
037 _aEBOOK
040 _aCRL
040 _beng
040 _cCRL
041 _2eng
041 _aeng
084 _qCRL
100 _aWelford, R.
_9997808
245 0 _aCorporate Environmental Management: Towards Sustainable Development, Book 3
260 _bTaylor and Francis
260 _c2000
856 _uhttp://www.taylorfrancis.com/books/9781315071619
942 _cEBOOK
999 _c1564627
_d1564627